1089 1446 1640 1949 1243 1225 1123 1375 1412 1965 1505 1187 1907 1265 1819 1222 1107 1989 1310 1000 1429 1092 1167 1786 1025 1798 1858 1640 1385 1170 1322 1112 1060 1176 1037 1925 1403 1018 1483 1150 1554 1039 1933 1176 1584 1523 1739 1336 1737 1169 1690 1239 1110 1663 1062 1102 1762 1028 1821 1013 1550 1311 1171 1086 1158 1682 1349 1941 1179 1053 1417 1858 1296 1874 1089 1521 1423 1928 1478 1503 1270 1485 1105 1079 1030 1526 1288 1627 1269 1701 1387 1999 1053 1404 1941 1168 1091 1832 1080 BCNSPRNW ULIB Ver.6.0+V

เปลี่ยนเป็นภาษาไทย

Change to English
 แสดงรายละเอียดบรรณานุกรม
  กลับหน้าหลัก

Brief Record : Get Marc (ISO 2709) : E-mail record : QR code < ปิดหน้าต่าง
LEADER : 00000nam 2200000uu 4500
001    13399123961
003     ULIB
008    141216s2550|th 000 0 tha d
020    ^a9749410750
020    ^a9789749410752
041 0  ^athaeng
050    ^aPL4187^bว121พ 2550
100 0  ^aวงศ์ วรรธนพิเชฐ
245 10 ^aพจนานุกรมไทย-อังกฤษ =^bNew ageThai-English dictionary /^cโดย วงศ์ วรรธนพิเชฐ
246 31 ^aNew age Thai-English dictionary
260    ^aกรุงเทพฯ :^bไทยเวย์ส พับลิเคชั่น,^c2550
300    ^a12ก, 999 หน้า ;^c21 ซม.
650  4 ^aภาษาไทย^vพจนานุกรม^xภาษาอังกฤษ
945    ^p390^l0^i021640
999    ^aเกษร โพธิ์สุวรรณ
รายการนี้ยังไม่มีแท็ก
คุณยังไม่ได้ล็อกอิน คุณสามารถมีกิจกรรมร่วมกับเว็บไซต์ได้ แต่ต้องล็อกอินก่อน ::
  ล็อกอิน

รายการสื่อสารสนเทศ

ลำดับที่ ประเภท เลขเรียก/บาร์โค้ด สถานที่ สถานะ
1. การศึกษาทั่วไป
หนังสือสำรอง
สถานะ=หนังสือสำรอง
PL4187 ว121พ 2550 ฉ.1 
  Barcode: 021640
ห้องสมุดวิทยาเขตสวรรค์ประชารักษ์
►หนังสือทั่วไป
บนชั้น

BibComment


ยังไม่เคยถูกคอมเมนท์

คอมเมนท์ทรัพยากรรายการนี้
  คอมเมนท์: พจนานุกรมไทยอังก..


 Copyright 2026. Bcnsprnw @Library